Plantation crops under trade liberalisation analysis in the context of Indo-ASEAN FTA (Record no. 65121)

MARC details
000 -LEADER
fixed length control field 00448nam a2200145Ia 4500
100 ## - MAIN ENTRY--AUTHOR NAME
Personal name Mohanakumar S
245 #0 - TITLE STATEMENT
Title Plantation crops under trade liberalisation analysis in the context of Indo-ASEAN FTA
260 ## - PUBLICATION, DISTRIBUTION, ETC. (IMPRINT)
Name of publisher Indian Journal of Agricultural Economics
Year of publication 2012
300 ## - PHYSICAL DESCRIPTION
Number of Pages 139-156
500 ## - GENERAL NOTE
General note Source Year: 2012
650 ## - SUBJECT ADDED ENTRY--TOPICAL TERM
Topical Term Indo-ASIAN FTA
650 ## - SUBJECT ADDED ENTRY--TOPICAL TERM
Topical Term Trade liberalization
942 ## - ADDED ENTRY ELEMENTS (KOHA)
Koha item type Journals
Holdings
Withdrawn status Lost status Damaged status Not for loan Home library Current library Shelving location Date acquired Serial Enumeration / chronology Koha item type
      Journals RRII Library RRII Library Agricultural economics 14/06/2012 Volume 67, Issue 1 Journals